000 00792nam a2200265Ia 4500
003 OSt
005 20220918164548.0
006 a|||||r|||| 00| 0
007 ta
008 220917b |||||||| |||| 00| 0 eng d
020 _a0677049900
024 _a34,483
037 _cTextual
040 _aARTS
_cARTS
_beng
041 _2eng
_aeng
082 _aO111973:g(Y:383), M1
100 _aWeathers Winston
_919441
245 0 _aBroken world
_b The communication pathos in modern literature
260 _aNew York
_bGordon and Breach Science Pub USA
_c1981
300 _axi,226p.
_ccm.
490 _aCommunication and the human condition; 1
650 _aENGLISH LITERATURE
942 _hO111973:g(Y:383), M1
_cTEXL
_2CC
999 _c125296
_d125296